NASCAR Drivers who won for Hendrick Motorsports - Statistics

General Stats
  • This quiz has been taken 121 times
  • The average score is 15 of 20
Answer Stats
Hint Answer % Correct
5 Kyle Larson
99%
24 William Byron
98%
25, 24, 9 Chase Elliott
96%
5, 88 Dale Earnhardt Jr.
95%
24, 88 Jeff Gordon
95%
48 Jimmie Johnson
95%
88, 48 Alex Bowman
94%
5 Kasey Kahne
89%
60, 84, 5 Kyle Busch
85%
5, 44 Terry Labonte
82%
5 Mark Martin
79%
17 Darrell Waltrip
76%
25, 5 Casey Mears
73%
5 Geoff Bodine
70%
60, 25 Brian Vickers
64%
25 Tim Richmond
58%
5 Ricky Rudd
50%
25 Joe Nemechek
49%
25 Ken Schrader
49%
25 Jerry Nadeau
44%
No matching quizzes found
Score Distribution
Percent of People with Each Score
Percentile by Number Answered
Your Score History
You have not taken this quiz